LIBRARY & INFORMATION CENTRE, KCAET, TAVANUR

ONLINE PUBLIC ACCESS CATALOGUE (OPAC)

Handbook of lowcost housing (Record no. 261)

MARC details
000 -LEADER
fixed length control field 00348cam a2200157ua 4500
041 ## - LANGUAGE CODE
Language code of text/sound track or separate title eng
082 ## - DEWEY DECIMAL CLASSIFICATION NUMBER
Classification number 690.81
Item number LAL/HA
100 ## - MAIN ENTRY--AUTHOR NAME
Personal name Lal, A K .
245 ## - TITLE STATEMENT
Title Handbook of lowcost housing
250 ## - EDITION STATEMENT
Edition statement 1 /
260 ## - PUBLICATION, DISTRIBUTION, ETC. (IMPRINT)
Place of publication :
Name of publisher Newage international (P) Ltd ,
Year of publication 1996.
300 ## - PHYSICAL DESCRIPTION
Number of Pages 185 ; .
942 ## - ADDED ENTRY ELEMENTS (KOHA)
Koha item type Books
Holdings
Withdrawn status Lost status Damaged status Home library Current library Date acquired Full call number Accession Number Koha item type
      KAUAET KAUAET 07/04/2012 690.81 19927 Books
      KAUAET KAUAET 29/08/2018 690.81 LAL/HA 19773 Books
free website counter